[Event "EICC 2021"]
[Site "Reykjavik"]
[Date "2021.08.27"]
[Round "2.23"]
[White "Antipov, Mikhail Al."]
[Black "Quparadze, Giga"]
[Result "1-0"]
[WhiteElo "2607"]
[BlackElo "2476"]
[Annotator "TA"]
[PlyCount "55"]
[EventDate "2021.08.26"]
[EventType "swiss"]
[EventCountry "ISL"]
[Tiebreak "Cut1 Buchholz"]
[SourceTitle "playchess.com"]
[Source "ChessBase"]
[SourceQuality "1"]

{[%evp 9,55,22,20,20,32,32,35,34,23,22,47,15,22,11,39,5,69,98,137,132,144,139,
114,114,297,295,344,330,357,358,346,342,378,342,362,356,411,340,675,675,637,
611,1056,1010,1031,1016,2048,1987]} 1. e4 c5 2. Nf3 e6 3. d4 cxd4 4. Nxd4 a6 5.
a3 Nf6 6. Nc3 {B41: Sicilian: Kan Variation: 5 c4.} d5 7. exd5 Nxd5 8. Nxd5 {
White is slightly better.} Qxd5 9. Be3 e5 10. c4 {[#]} Qd7 $146 ({Predecessor:
} 10... Qd8 11. Nb3 Be7 12. Qc2 O-O 13. Bd3 h6 14. O-O-O Qc7 15. g4 Be6 16. h4
b5 {0-1 (24) Pauli,A (2105)-Maurer,J (2179) Bayern 2009}) 11. Ne2 Nc6 12. Nc3
Nd4 (12... f5 $11) 13. Bd3 $14 Bc5 14. b4 Ba7 15. Qh5 Nc6 16. Nd5 Qd6 $2 {
Black cannot hold the game after this.} (16... h6 $16 {was necessary.}) 17. Be4
$18 Bd4 {[#]} 18. c5 $1 {[%mdl 512]} Qd8 (18... Qb8 19. Bxd4) 19. Bxd4 exd4 20.
O-O Be6 21. Rfe1 Kf8 22. Nb6 Ra7 23. Rad1 Qf6 $2 (23... g6 24. Qh6+ Kg8) 24.
Bd5 {White is clearly winning.} Qf5 25. Qh4 {[#] Hoping for Bxc6.} g6 26. Qh6+
Kg8 27. Bxc6 bxc6 28. Rxd4 {[%cal Rd4d8] Weighted Error Value: White=0.09/
Black=0.48} 1-0

[Event "EICC 2021"]
[Site "Reykjavik"]
[Date "2021.08.27"]
[Round "2.24"]
[White "Petenyi, Tamas"]
[Black "Gretarsson, Hjorvar Steinn"]
[Result "0-1"]
[WhiteElo "2463"]
[BlackElo "2603"]
[Annotator "TA"]
[PlyCount "158"]
[EventDate "2021.08.26"]
[EventType "swiss"]
[EventCountry "ISL"]
[Tiebreak "Cut1 Buchholz"]
[SourceTitle "playchess.com"]
[Source "ChessBase"]
[SourceQuality "1"]

{[%evp 12,158,12,19,6,6,12,17,35,33,44,26,64,36,25,15,34,20,23,11,93,81,112,
110,127,129,123,120,400,120,110,103,109,45,61,51,110,89,100,104,95,105,84,73,
194,183,197,158,185,94,97,97,87,60,115,84,90,49,110,16,19,18,12,12,25,27,63,12,
52,25,110,110,194,152,152,50,136,72,82,58,81,52,47,0,10,0,0,0,0,0,0,0,0,-8,-13,
-199,-24,-24,-7,-8,0,0,0,-6,-8,-8,-8,-62,-62,-436,0,0,0,-8,-8,-19,-19,-27,0,
-15,0,0,0,-65,-14,-412,-412,-509,-509,-392,-293,-2062,-29960,-29955,-29960,
-29959,-29961,-29956,-29956,-29977,-29978,-29977,-29956,-29982,-29983,-29983,
-29982,-29982,-29983]} 1. e4 c5 2. Nc3 Nc6 3. Nf3 e6 4. Bb5 Nge7 5. d4 cxd4 6.
Nxd4 Nxd4 {The main line 6...Nxd4 scores better than 6...a6.} 7. Qxd4 a6 {
B30: Sicilian: 2...Nc6 3 Bb5, lines without ...g6.} 8. Bd3 Nc6 9. Qe3 b5 $5 {
[%mdl 4] [#] The position is equal. A promising side line.} 10. Qg3 $146 ({
Predecessor:} 10. O-O Bb7 11. b3 Nb4 12. Bb2 Be7 13. Qg3 Nxd3 14. cxd3 Rg8 15.
Rac1 Rc8 16. f4 {0-1 (32) Godoy Olazabal,A (2154)-Radoszta,A (1994) Buenos
Aires 2015}) 10... d6 11. O-O b4 12. Nd1 h5 13. h3 h4 14. Qe3 Be7 15. b3 g5 (
15... Bb7 $11) 16. Bb2 Bf6 17. f4 Ra7 18. Bxf6 Qxf6 19. e5 gxf4 $2 {[%mdl 8192]
[#]} (19... Qg7 $16) 20. Qb6 $2 (20. exf6 fxe3 21. Nxe3 Kd7 $14) (20. Qxa7 $3
$18 {[%mdl 512] is the precise move to win.} Qxe5 21. Qc7) 20... Nxe5 $16 {
And now ...Rb7 would win.} 21. Qxa7 Nxd3 {[#]} 22. Qc7 $1 {[%mdl 512]} Qd4+ (
22... Qxa1 $2 23. Qxc8+ Ke7 24. Qc7+ Kf6 25. Qxd6 $18) (22... O-O 23. cxd3) 23.
Kh1 Qc5 24. Qxc5 Nxc5 25. Rxf4 a5 26. a3 e5 27. Rc4 (27. axb4 $6 exf4 28. bxc5
Bb7 $11) 27... bxa3 (27... Be6 $16) 28. Rxa3 $18 Be6 29. Rc3 Ne4 30. Re3 ({
Weaker is} 30. Rxa5 Nxc3 31. Nxc3 O-O $15) (30. Rc7 $1 $18) 30... f5 $16 31.
Rxa5 Ke7 32. Kg1 Rg8 (32... Rc8 $14) 33. Nf2 Ng3 34. c4 Rb8 (34... e4 $14) 35.
c5 (35. Ra7+ $16 Kf6 36. Ra6) 35... e4 $11 36. Ra7+ Kf6 $1 37. cxd6 Bxb3 38.
Re1 Be6 39. Ra6 (39. Rh7 $14) 39... Rd8 40. Rb6 Bc4 (40... Rd7 $11 {remains
equal.}) 41. Nd1 $16 Rd7 (41... Ne2+ $16 {might work better.} 42. Kh2 (42. Kf2
Nf4 $14) 42... Nf4) 42. Ne3 Be6 43. Nc2 (43. Kf2 $16) 43... f4 (43... Ke5 $14)
44. Nd4 ({Better is} 44. Ra1) 44... Bd5 45. Nb5 Ke5 46. Nc3 Bc4 47. Rb4 Bd3 48.
Nd1 Rxd6 49. Nf2 e3 50. Ng4+ Kf5 51. Ra1 Be2 (51... Be4 {feels hotter.} 52.
Ra5+ Kg6 53. Ne5+ Kf6 54. Rb6 Rxb6 55. Nd7+ Ke6) 52. Nh6+ Kg6 ({Don't go for} 
52... Rxh6 $2 53. Ra5+ Bb5 54. Raxb5+ Kf6 55. Ra5 $18) 53. Ng8 {[#]} (53. Ng4
$11) 53... Bd3 $2 (53... Ba6 $1 $19 {Hoping for ...Kf7.} 54. Rba4 Bb5) 54. Ne7+
$11 Kf7 55. Nc8 Ne2+ (55... Rc6 {keeps more tension.} 56. Rxf4+ Ke6 57. Re1 Ke5
58. Rf8 Be4) 56. Kh2 $1 Rc6 (56... Rd8 {seems wilder.} 57. Ra7+ Ke6 58. Rb6+
Ke5 59. Ne7 Nd4) 57. Nb6 Ke6 58. Na4 Bf5 59. Re1 (59. Nb2 $11) 59... Rc2 $15 {
White must now prevent ...Ke5.} 60. Nc5+ $2 {[%mdl 8192]} Rxc5 $2 (60... Ke5
$19 {Strongly threatening ...Nd4.} 61. Nb3 Be4 62. Rb5+ Bd5) 61. Rxe2 $19 {
[%mdl 4096] Endgame KRR-KRB} Ke5 62. Rb8 Be4 63. Rd8 Bd5 {Threatens to win
with ...Rc1.} 64. Rb2 Bc6 65. Rh8 Kd4 66. Rxh4 Kc3 67. Rf2 Rc4 (67... f3 $15
68. gxf3 exf2) 68. Rf1 $2 {[%mdl 8192]} (68. Ra2 $11 {and White stays safe.})
68... e2 69. Rc1+ {[#]} Kd3 $1 70. Ra1 Kd2 71. Rh6 $2 (71. Rg4) 71... e1=Q 72.
Rd6+ {Black mates.} Ke2 73. Re6+ Be4 74. Rxe1+ Kxe1 {KRB-KR} 75. h4 Kf2 76. Rb6
Rc2 77. h5 Bxg2 78. h6 Be4 79. Kh3 f3 {What a fight!  Weighted Error Value:
White=0.42/Black=0.36} 0-1

[Event "EICC 2021"]
[Site "Reykjavik"]
[Date "2021.08.27"]
[Round "2.25"]
[White "Keymer, Vincent"]
[Black "Loiseau, Quentin"]
[Result "1-0"]
[WhiteElo "2602"]
[BlackElo "2466"]
[Annotator "TA"]
[PlyCount "61"]
[EventDate "2021.08.26"]
[EventType "swiss"]
[EventCountry "ISL"]
[Tiebreak "Cut1 Buchholz"]
[SourceTitle "playchess.com"]
[Source "ChessBase"]
[SourceQuality "1"]

{[%evp 13,61,15,4,7,0,0,0,0,0,0,0,-3,18,0,0,0,0,0,21,30,129,134,211,212,212,
212,348,344,340,343,445,437,684,676,849,827,1329,1307,1243,1066,1504,906,906,
906,845,842,803,795,1032,531]} 1. c4 e6 2. Nf3 Nf6 3. b3 d5 4. Bb2 Be7 5. e3
O-O 6. Nc3 c5 7. cxd5 Nxd5 8. Qc2 {A13: English Opening: 1...e6.} Nb4 9. Qb1
N8c6 10. a3 {The position is equal.} Nd5 11. Qc2 b6 12. h4 f5 {[#] 12...Bf6 is
the recent fashion.} 13. Rd1 $1 $146 {[%mdl 8] A relevant novelty.} ({
Predecessor (2):} 13. Nxd5 exd5 14. Bb5 Bd7 15. h5 h6 16. Bxc6 Bxc6 17. Ne5 Be8
18. f4 Qc8 19. O-O-O Qe6 20. Rdg1 Bf6 21. g4 fxg4 22. Nxg4 Bxb2+ 23. Qxb2 {
0-1 (33) Keymer,V (2568)-Martirosyan,H (2622) Chess.com INT 2020}) 13... Qe8
14. Bc4 Nc7 15. h5 Bb7 16. h6 {aiming for Nb5.} g5 {Black is on the road to
losing.} (16... g6 $1 $11 {remains equal.}) 17. Nb5 $36 {[%mdl 2112] [#]
Overworked Piece. White is in control.} Nxb5 (17... Nd5 $16 {was worth a try.})
18. Bxe6+ $18 {[%mdl 64] Double Attack} (18. Bxb5 g4 $15) 18... Rf7 19. Qxf5 $1
{[%mdl 64] Threatening mate with Qg6+! Double Attack, Pin} Nbd4 (19... Kf8 $142
) 20. exd4 ({Weaker is} 20. Bxf7+ Qxf7 21. Qxf7+ Kxf7 $16) 20... Nd8 21. Bxf7+
Nxf7 22. O-O {White is clearly winning.} Rd8 (22... Qc8 $142 23. Qxc8+ Rxc8)
23. Rfe1 Qf8 24. dxc5 Rd5 25. Qe6 {[%mdl 64] [#] Double Attack} Bxc5 26. b4 Bd6
27. Qf6 {White wants to mate with Re8!} Qxh6 28. Re8+ Bf8 29. Qxh6 Nxh6 30. Rc1
Rf5 31. Rc7 {Weighted Error Value: White=0.05/Black=0.61} 1-0

[Event "EICC 2021"]
[Site "Reykjavik"]
[Date "2021.08.27"]
[Round "2.26"]
[White "Horvath, Dominik"]
[Black "Demchenko, Anton"]
[Result "0-1"]
[WhiteElo "2455"]
[BlackElo "2597"]
[Annotator "TA"]
[PlyCount "84"]
[EventDate "2021.08.26"]
[EventType "swiss"]
[EventCountry "ISL"]
[Tiebreak "Cut1 Buchholz"]
[SourceTitle "playchess.com"]
[Source "ChessBase"]
[SourceQuality "1"]

{[%evp 13,84,0,16,0,0,0,0,-6,0,0,5,-19,-12,-7,-20,-9,-9,-14,-20,-40,-22,-62,
-52,-71,-71,-53,-59,-44,-42,-97,-85,-130,-95,-109,-89,-67,0,0,0,0,0,0,0,-7,-6,
-8,-8,-52,-57,-307,-302,-308,-305,-285,-291,-404,-404,-912,-950,-950,-955,-942,
-914,-909,-850,-768,0,-734,-463,-524,-524,-524,-516]} 1. d4 Nf6 2. c4 e6 3. Nf3
b6 4. g3 Bb7 5. Bg2 Bb4+ 6. Nbd2 O-O 7. O-O Re8 8. b3 {[#] E16: Queen's Indian:
4 g3 Bb7 5 Bg2 Bb4+.} Bc3 $146 ({Predecessor:} 8... a5 9. a3 Bxd2 10. Qxd2 d6
11. a4 Nbd7 12. Bb2 e5 13. d5 Nc5 14. Qc2 Bc8 15. Nd2 Bg4 {0-1 (66) Vitiugov,N
(2724)-Najer,E (2707) Tbilisi 2017}) 9. Rb1 c5 10. Bb2 {The position is equal.}
Bxb2 11. Rxb2 Nc6 12. Nb1 d5 13. cxd5 exd5 14. dxc5 bxc5 15. Qc1 Qe7 16. e3
Rac8 17. Rd1 d4 18. exd4 Nxd4 19. Nxd4 cxd4 20. Qf4 Ba6 21. h3 (21. Nd2 $15)
21... d3 {White must now prevent ...Rc2.} 22. Rbd2 Rc2 23. Qa4 {[#]} Qe6 24. b4
Rxd2 ({Black should try} 24... Qc4 $1 $15 25. Qa3 Rxd2 26. Nxd2 Qc2) 25. Nxd2
$11 {b5 is the strong threat.} Qb6 $36 {[%mdl 2048] And now ...Re2 would win.
Black is pushing.} 26. Qc6 Bb5 27. Qxb6 axb6 28. Bf3 g5 29. Ra1 Ba4 30. Nb3 Rc8
31. Nd2 $2 {[#]} (31. Rd1 $15) 31... Rc2 $19 32. Bd1 Rxd2 33. Bxa4 {[%mdl 4096]
Endgame KRB-KRN} Ne4 34. Bc6 Nxf2 35. a4 (35. h4 $142) 35... Nxh3+ 36. Kh1 Rc2
37. Bf3 g4 38. Bd1 Nf2+ 39. Kg1 Nh3+ 40. Kh1 Rc4 {Black is clearly winning.}
41. a5 bxa5 42. bxa5 d2 {Weighted Error Value: White=0.36/Black=0.30} 0-1

[Event "EICC 2021"]
[Site "Reykjavik"]
[Date "2021.08.27"]
[Round "2.27"]
[White "Saraci, Nderim"]
[Black "Romanov, Evgeny"]
[Result "1/2-1/2"]
[WhiteElo "2455"]
[BlackElo "2594"]
[Annotator "TA"]
[PlyCount "66"]
[EventDate "2021.08.26"]
[EventType "swiss"]
[EventCountry "ISL"]
[Tiebreak "Cut1 Buchholz"]
[SourceTitle "playchess.com"]
[Source "ChessBase"]
[SourceQuality "1"]

{[%evp 15,66,0,23,18,16,12,19,15,14,18,5,10,15,6,23,26,15,14,18,12,12,0,0,0,0,
0,17,16,33,25,95,85,100,87,142,39,42,49,56,50,100,95,93,4,7,3,38,48,50,0,0,0,0]
} 1. d4 Nf6 2. c4 e6 3. Nf3 b6 4. g3 Bb7 5. Bg2 Bb4+ 6. Bd2 a5 7. O-O O-O 8.
Nc3 Ne4 9. Nxe4 {E16: Queen's Indian: 4 g3 Bb7 5 Bg2 Bb4+.} Bxe4 10. Rc1 Bxd2
11. Qxd2 d6 12. Rfd1 Nd7 13. Qe3 Bb7 {[#]} 14. Qd3 $146 ({Predecessor:} 14. Ne5
Bxg2 15. Nxd7 Qxd7 16. Kxg2 Rae8 17. Qf3 f5 18. b3 h6 19. e3 Rb8 20. h3 Rf6 21.
Rd2 Rbf8 22. Kh2 Re8 23. Rcd1 Rf7 24. a3 {1/2-1/2 (24) Schueppel,R (2483)
-Punzon Moraleda,J (2486) ICCF email 2012}) 14... Nf6 15. Nd2 Bxg2 16. Kxg2 Qe7
17. Qf3 e5 18. dxe5 Qxe5 19. Rc2 Rae8 20. Nf1 Ne4 21. Ne3 c6 22. Qf4 Qc5 (22...
f5 $11 {keeps the balance.}) 23. Nf5 $1 $16 Re5 24. Nd4 f5 (24... Rfe8 $142)
25. b4 (25. Nb3 $16 Qb4 26. f3) 25... Qxb4 $14 ({Don't blunder} 25... axb4 $2
26. Nb3 $18) 26. Nxc6 Qa4 {[%csl LRc2,LRc6][%mdl 64] Double Attack} 27. Nd4 b5
28. cxb5 Rd5 {[#]} 29. Rcd2 Nxd2 $11 30. Rxd2 Qb4 31. Qe3 {Threatens to win
with a3.} Re5 32. Qb3+ Qxb3 33. axb3 Rb8 {Weighted Error Value: White=0.18/
Black=0.14} 1/2-1/2

[Event "EICC 2021"]
[Site "Reykjavik"]
[Date "2021.08.27"]
[Round "2.28"]
[White "Huschenbeth, Niclas"]
[Black "Kacharava, Nikolozi"]
[Result "1-0"]
[WhiteElo "2592"]
[BlackElo "2453"]
[Annotator "TA"]
[PlyCount "185"]
[EventDate "2021.08.26"]
[EventType "swiss"]
[EventCountry "ISL"]
[Tiebreak "Cut1 Buchholz"]
[SourceTitle "playchess.com"]
[Source "ChessBase"]
[SourceQuality "1"]

{[%evp 17,185,12,23,12,17,25,27,5,0,0,0,0,10,12,10,17,15,0,0,0,0,0,0,0,28,28,
34,0,30,25,19,7,3,0,19,18,22,0,0,0,38,0,0,0,26,31,35,35,48,0,0,0,32,32,34,44,
45,29,50,31,24,16,64,7,43,0,0,0,17,0,18,0,17,0,0,0,0,0,197,233,221,221,221,221,
229,185,540,543,129,525,499,493,472,378,357,298,272,148,165,105,427,406,829,
822,822,814,1215,1208,1172,212,264,278,223,313,157,146,358,106,233,0,368,258,
960,706,1036,1041,993,989,855,823,791,523,1482,1979,1600,1533,1206,1199,1199,
910,29976,29970,29977,1163,1193,0,29970,1106,928,684,29970,29967,29966,29967,
29939,0,29956,29960,1195,1039,29970,29971,29987,29988,29990,29991,29995,29996,
29996,29997]} 1. e4 c5 2. Nf3 e6 3. d4 cxd4 4. Nxd4 Nc6 5. Nc3 Qc7 6. Be3 a6 7.
Bd3 Nf6 8. O-O b5 9. Nxc6 Qxc6 10. Be2 {B48: Sicilian: Taimanov: 5 Nc3 Qc7 6
Be3 a6 without Be2.} Bd6 11. Qd4 Bb7 12. Rad1 {White has an edge.} (12. Rfd1 $5
{[%cal Rd4d6]} Bb8 13. Bf3 $11) 12... Bb8 13. Bf3 Qc7 {[%csl Gb8][%cal Rc7h2]}
14. g3 Ba7 15. Qd3 Bxe3 16. Qxe3 {[#] aiming for e5.} Rc8 $146 ({Predecessor:} 
16... d6 17. Rd2 O-O 18. Rfd1 b4 19. Ne2 d5 20. exd5 Bxd5 21. Nf4 Bxf3 22. Qxf3
Rac8 {1/2-1/2 (38) Rafiee,M (2334)-Naumann,A (2539) Karlsruhe 2020}) 17. e5
Bxf3 18. exf6 Bxd1 19. Nd5 Qd8 ({But not} 19... Qxc2 $2 20. Qa3 $18) 20. Rxd1
gxf6 {[#]} (20... g6 {is more complex.} 21. c3 d6 22. Ne7 Rc7 23. a4 bxa4 24.
Qd4 Qd7) 21. Qh6 exd5 22. Re1+ Qe7 23. Rxe7+ Kxe7 $11 {[%mdl 4096] Endgame
KQ-KRR} 24. Qe3+ Kf8 $1 25. Qh6+ Ke7 26. c3 Rc6 27. Qg7 Rcc8 28. Qh6 Rc6 29. a3
Re6 30. Kf1 a5 31. Qg7 Rc8 32. Qxh7 b4 33. Qd3 bxc3 34. bxc3 Rc5 35. h4 Rec6
36. h5 Rxc3 37. Qxd5 R6c5 38. Qd4 {[%mdl 1024] White has compensation.} (38.
Qd2 {keeps more tension.} Rc2 39. Qf4 Re5 40. h6 Rc8 41. g4) 38... R3c4 39.
Qe3+ (39. Qd3 {feels hotter.} Kf8 40. g4 Kg7 41. Qd6 Rc6 42. Qxd7 Re6 43. h6+)
39... Re5 40. Qd3 (40. Qd2 $14) 40... Rc8 (40... Rcc5 {looks sharper.} 41. h6
Rh5 42. g4 Rh4 43. Qg3 Rc1+) 41. f4 (41. g4 {is more complex.} f5 42. gxf5 Rc6
43. Qh3 Rh6 44. Qh4+) 41... Rc1+ 42. Kg2 Ree1 43. Kh3 Rcd1 44. Qb5 (44. Qf5 {
seems wilder.} Rh1+ 45. Kg4 Rh2 46. Qxa5 Kf8 47. Qa4) 44... Kf8 45. Qxa5 {
Strongly threatening Qd8+.} Kg7 46. Kg4 Rh1 47. Qb5 d5 $2 (47... Rh2 $11 {
and Black stays safe.}) 48. Qb3 $1 $18 Rd2 49. Qf3 $1 {[%cal Rf3h1]} Rdh2 {
And now ...f5+! would win.} 50. Qxd5 Ra1 51. Qb3 f5+ $2 (51... Rah1) 52. Kg5 {
Threatens to win with Qc3+.} f6+ 53. Kxf5 {Threatening mate with Qb7+.} Rxh5+
54. Kg4 Rah1 55. Qb7+ Kg6 56. Qc6 {Qe8+ is the strong threat.} Re1 57. a4 ({
White should try} 57. Qd7 $18) 57... Re7 $16 58. Qb6 (58. Qd6 $18 Rhh7 59. Qb8)
58... Re4 {[%mdl 8192]} (58... Rd5 $16 59. a5 Red7) 59. a5 $18 Ra4 (59... Rhe5
$142 60. Kf3 Re7) 60. Qb1+ $1 Kh6 61. Qb2 $1 {[%cal Rb2f6]} Rg5+ 62. Kf3 Rf5
63. Qb6 $2 (63. Qc3 Kg7 64. Qc7+ Kh6 65. Qd6 Rfxa5 66. Qxf6+ Kh7 67. f5) 63...
Ra3+ 64. Kg4 $1 {[%cal Rg4f5]} Raxa5 65. Qe6 $1 {[%cal Re6f5]} Kg6 66. Qg8+ Kh6
67. Qh8+ Kg6 68. Qg8+ (68. Qe8+ $142 $1 Kg7 69. Qe7+ Kg6 70. Qe8+ Kg7 71. Qe7+
Kg6 72. Qe4) 68... Kh6 {intending ...Rg5+.} 69. Qf7 Rad5 $2 {[#]} (69... Rac5
70. Qe6 Kg6) 70. Kf3 $1 Rd4 71. Qe6 Kg6 72. Qg8+ Kh6 {[#]} 73. Qf7 $1 {[%cal
Rf7e6]} Ra4 74. Qe6 Raa5 75. g4 Ra3+ 76. Ke4 Rfa5 77. Qxf6+ Kh7 78. g5 {
White threatens g6+ and mate.} Ra6 79. Qf7+ Kh8 80. Qf8+ (80. g6 $142 R3a4+ 81.
Kd3 Ra3+ 82. Ke2 Rxg6 83. Qxg6 Ra2+ 84. Kd3 Ra3+ 85. Kd4) 80... Kh7 81. Qf7+ (
81. Kf5 $18) 81... Kh8 82. Qe8+ (82. Kf5 $142 R6a5+ 83. Kg6 Ra6+ 84. Kh5 Rh3+
85. Kg4 Rha3 86. g6 Rg3+ {[%mdl 64] Decoy} 87. Kxg3 Rxg6+ 88. Kf3 Rg3+ 89. Ke4)
82... Kg7 83. Kf5 R3a5+ 84. Kg4 Ra4 85. Qe7+ Kg6 86. Qe8+ Kg7 87. Kh5 Ra1 88.
Qe5+ Kg8 89. Qd5+ {White mates.} Kh8 90. f5 Ra8 91. Kh6 R1a6+ 92. g6 Rf8 93.
Qb7 {[%csl Gg6,Gh6][%cal Rb7h7] Weighted Error Value: White=0.15/Black=0.35}
1-0

[Event "EICC 2021"]
[Site "Reykjavik"]
[Date "2021.08.27"]
[Round "2.29"]
[White "Grigorian, Spartak"]
[Black "Parligras, Mircea-Emilian"]
[Result "1/2-1/2"]
[WhiteElo "2448"]
[BlackElo "2591"]
[Annotator "TA"]
[PlyCount "44"]
[EventDate "2021.08.26"]
[EventType "swiss"]
[EventCountry "ISL"]
[Tiebreak "Cut1 Buchholz"]
[SourceTitle "playchess.com"]
[Source "ChessBase"]
[SourceQuality "1"]

{[%evp 18,44,1,0,0,0,20,0,0,2,2,0,0,0,0,0,0,0,0,0,0,0,0,0,0,0,0,0,0]} 1. d4 Nf6
2. c4 e6 3. Nf3 d5 4. g3 Bb4+ 5. Bd2 Be7 6. Bg2 O-O 7. O-O c6 8. Qc2 Nbd7 9.
Rd1 b6 10. Bf4 {The position is equal.} Ba6 {E08: Closed Catalan: Main Line: 7
Qc2.} 11. Ne5 Rc8 12. cxd5 $1 {12.cxd5 scores better than 12.Nc3.} Nxd5 13. Nc3
Nxe5 14. Bxe5 f6 15. Bf4 Nxf4 16. gxf4 f5 17. Qa4 Bb7 18. Qxa7 Qc7 $5 {[%mdl 4]
Strongly threatening ...Ra8. A promising side line.} 19. Nb5 {[%mdl 64] [#] Pin
} Qd7 {Threatens to win with ...Ra8.} 20. Nc3 {[#]} ({Don't blunder} 20. Qxb6
$2 Bd8 $19) 20... Qc7 $146 {White must now prevent ...Ra8.} ({Predecessor:} 
20... b5 21. d5 Ra8 22. dxc6 Qxd1+ 23. Rxd1 Rxa7 24. cxb7 b4 25. Nb5 Rxa2 26.
Rc1 Ra5 27. Nd4 Ra6 28. Nxe6 Rxe6 29. Bd5 {1-0 (66) Dragnev,V (2553)
-Sargissian,G (2689) Moscow 2019}) 21. Nb5 {[%mdl 64] Pin} Qd7 {And now ...Ra8
would win.} 22. Nc3 ({Avoid the trap} 22. Qxb6 $2 Bd8 $19) 22... Qc7 {An
uneventful encounter.  Weighted Error Value: White=0.02/Black=0.00} 1/2-1/2

[Event "EICC 2021"]
[Site "Reykjavik"]
[Date "2021.08.27"]
[Round "2.30"]
[White "Sivuk, Vitaly"]
[Black "Gretarsson, Helgi Ass"]
[Result "1-0"]
[WhiteElo "2589"]
[BlackElo "2447"]
[Annotator "TA"]
[PlyCount "69"]
[EventDate "2021.08.26"]
[EventType "swiss"]
[EventCountry "ISL"]
[Tiebreak "Cut1 Buchholz"]
[SourceTitle "playchess.com"]
[Source "ChessBase"]
[SourceQuality "1"]

{[%evp 10,69,47,44,50,29,47,22,63,58,71,50,57,56,73,70,48,50,63,81,89,89,100,
88,125,129,120,122,123,116,237,217,222,226,203,207,328,330,327,301,450,425,794,
777,1372,473,1186,806,709,433,414,411,577,555,1325,1206,3509,0,1063,1337,1067,
939]} 1. e4 d6 2. d4 Nf6 3. Nc3 g6 4. Be3 c6 5. h3 Nbd7 6. f4 b5 {Threatening .
..b4. B07: Pirc Defence: Miscellaneous Systems.} 7. Bd3 b4 8. Nce2 d5 {The
position is equal.} 9. e5 {[%cal Re5f6]} Ne4 10. Nf3 {[#]} Nb6 $146 ({
Predecessor:} 10... f5 11. a3 bxa3 12. Rxa3 e6 13. Ra2 Be7 14. O-O O-O 15. Qa1
Qc7 16. Rc1 Nb6 {1/2-1/2 (71) Hausner,I (2465)-Pribyl,J (2470) Czech Republic
1993}) 11. O-O f5 12. a3 bxa3 13. b3 e6 14. Bc1 {Black is on the road to
losing.} c5 15. Bxa3 c4 16. bxc4 Nxc4 17. Bxc4 dxc4 18. Bxf8 Rxf8 19. Nd2 Nc3
20. Nxc3 $18 Qxd4+ {[#]} 21. Kh2 $1 {Nb5 is the strong threat.} Qxc3 22. Ra4 {
[%cal Ba1a4,Ba4d4,Bd4d3][%mdl 32]} Bb7 (22... Rf7 {keeps fighting.}) 23. Nxc4
Bd5 24. Nd6+ Kd7 (24... Ke7 {might work better.} 25. Rd4 Rac8 26. Nxc8+ (26.
Rxd5 exd5 27. Nxc8+ Rxc8 $16) 26... Rxc8) 25. Rd4 Rab8 (25... Ke7 $142 26. Rxd5
exd5 27. Qxd5 Qc7) 26. Rd3 Qb2 27. Nc4 (27. Rxd5 $142 exd5 28. Qxd5) 27... Qa2
(27... Qb7 $142 28. Ne3 Ke7 29. Nxd5+ exd5 30. Rxd5 Rfd8) 28. Ne3 Ke7 29. Nxd5+
exd5 30. Rff3 Rb1 (30... Ke6 $142 31. Ra3 Qc4) 31. Qd2 {[#] Black must now
prevent Ra3.} Rc8 32. Rxd5 {Threatening mate with Rd7+.} Rb7 33. Rfd3 $2 (33.
Rb3 $18 Rbc7 34. Qb4+ Ke8 35. Qd6 Qxc2 36. Qe6+ Kf8 37. Qf6+ Kg8 38. Rbd3 Qxd3
39. Rxd3) 33... Qa4 $2 {[%mdl 8192]} (33... Rxc2 $11 34. Rd7+ {[%mdl 64]
Double Attack} Kf8 35. Rd8+ Kg7 36. R3d7+ {[%mdl 64] Double Attack} Kh6 37.
Qxc2 Qxc2 38. Rxb7 Qe4 {[%mdl 64] Double Attack}) 34. Qf2 {White threatens
Qh4+ and mate.} Ke8 35. c3 {Weighted Error Value: White=0.46/Black=0.46} 1-0

[Event "EICC 2021"]
[Site "Reykjavik"]
[Date "2021.08.27"]
[Round "2.31"]
[White "Petkov, Momchil"]
[Black "Nguyen, Thai Dai Van"]
[Result "1/2-1/2"]
[WhiteElo "2443"]
[BlackElo "2588"]
[Annotator "TA"]
[PlyCount "68"]
[EventDate "2021.08.26"]
[EventType "swiss"]
[EventCountry "ISL"]
[Tiebreak "Cut1 Buchholz"]
[SourceTitle "playchess.com"]
[Source "ChessBase"]
[SourceQuality "1"]

{[%evp 10,68,33,4,11,0,9,3,23,26,27,26,26,26,26,26,22,34,27,0,0,0,20,-5,0,-5,
-1,-3,0,0,0,-10,0,-35,0,0,0,0,31,-12,9,0,8,14,13,10,18,25,22,5,18,0,0,0,28,0,0,
0,0,0,0]} 1. e4 e5 2. Nf3 Nc6 3. Bc4 Bc5 4. c3 Nf6 5. d3 O-O 6. Bg5 Be7 {
C54: Giuoco Piano: 4 c3 Nf6, main lines with 5 d4 and 5 d3.} 7. Nbd2 {[#]} Na5
$146 ({Predecessor:} 7... d6 8. Bb3 h6 9. Bh4 Nh5 10. Bg3 Na5 11. Bc2 f5 12.
exf5 Bxf5 13. d4 Bxc2 14. Qxc2 exd4 15. cxd4 {1-0 (25) Vachier Lagrave,M (2796)
-So,W (2812) Paris 2017}) 8. Bb5 d5 9. b4 dxe4 10. dxe4 ({But not} 10. Nxe5 {
[#]} Qd5 $1 $17) 10... a6 11. Ba4 b5 12. Bc2 Nc6 13. a4 {Black must now
prevent axb5.} Rb8 14. Bxf6 Bxf6 15. O-O Qe7 16. Bb3 Nd8 17. axb5 axb5 18. Ra7
Nc6 19. Ra2 Nd8 20. Ra7 Qd6 21. Qc2 Nc6 22. Raa1 Ne7 23. Rfd1 Qb6 24. g3 Bh3
25. Nf1 c5 26. bxc5 Qxc5 27. Ne3 Rbc8 28. Rd3 h5 29. Kh1 Rc7 30. Qd1 g6 31. Ra6
Rc6 32. Rxc6 Nxc6 {The position is equal.} 33. Rd6 Rd8 34. Rxd8+ Bxd8 {An
uneventful encounter.  Weighted Error Value: White=0.08/Black=0.08} 1/2-1/2